书目信息 |
| 题名: |
享乐与虚无
|
|
| 作者: | 齐泽克 著 ;季广茂 译 | |
| 分册: | ||
| 出版信息: | 上海 文汇出版社 2025.05 |
|
| 页数: | 415页 | |
| 开本: | 24cm | |
| 丛书名: | ||
| 单 册: | ||
| 中图分类: | B084 | |
| 科图分类: | ||
| 主题词: | 新黑格尔主义 | |
| 电子资源: | ||
| ISBN: | 978-7-5496-4483-4 | |
| 000 | 01171nam0 2200253 450 | |
| 001 | 013282220 | |
| 005 | 20251022152857.00 | |
| 010 | @a978-7-5496-4483-4@dCNY79.00 | |
| 100 | @a20250702d2025 em y0chiy0120 ea | |
| 101 | 1 | @achi@cslv |
| 102 | @aCN@b310000 | |
| 105 | @ay z 000yy | |
| 106 | @ar | |
| 200 | 1 | @a享乐与虚无@9xiang le yu xu wu@dSurplus enjoyment@f(斯洛文)斯拉沃热·齐泽克(Slavoj Zizek)著@g季广茂译@zeng |
| 210 | @a上海@c文汇出版社@d2025.05 | |
| 215 | @a415页@d24cm | |
| 330 | @a本书主要讨论了需求过剩这一社会现象。当今人们总是需要过剩的享受,才能够真正享受所拥有的东西。但齐泽克指出,需求过剩就其本质而言是非实质性和不必要的。齐泽克基于拉康和黑格尔的理论对当代资本主义意识形态的心理运作机制进行了深刻揭露,批判的指出其在认知层面,使主体丧失自我决断和批判的维度;在情感层面,激发虚假欲望,制造新的焦虑;在意志和行为层面,使主体在行为中始终与其保持高度认同,最终导致主观性贫困。 | |
| 510 | 1 | @aSurplus enjoyment@zeng |
| 606 | 0 | @a新黑格尔主义 |
| 690 | @aB084@v5 | |
| 701 | 0 | @c(斯洛文)@a齐泽克@9qi ze ke@c(Zizek, Slavoj@f1949-)@4著 |
| 702 | 0 | @a季广茂@9ji guang mao@4译 |
| 801 | 0 | @aCN@c20250910 |
| 905 | @a河南城建学院图书馆@dB084@eQ083@ZQ083@f1 | |
| 享乐与虚无=Surplus enjoyment/(斯洛文)斯拉沃热·齐泽克(Slavoj Zizek)著/季广茂译.-上海:文汇出版社,2025.05 |
| 415页;24cm |
| ISBN 978-7-5496-4483-4:CNY79.00 |
| 本书主要讨论了需求过剩这一社会现象。当今人们总是需要过剩的享受,才能够真正享受所拥有的东西。但齐泽克指出,需求过剩就其本质而言是非实质性和不必要的。齐泽克基于拉康和黑格尔的理论对当代资本主义意识形态的心理运作机制进行了深刻揭露,批判的指出其在认知层面,使主体丧失自我决断和批判的维度;在情感层面,激发虚假欲望,制造新的焦虑;在意志和行为层面,使主体在行为中始终与其保持高度认同,最终导致主观性贫困。 |
| ● |
| 相关链接 |
|
|
|
正题名:享乐与虚无
索取号:B084/Q083
 
预约/预借
| 序号 | 登录号 | 条形码 | 馆藏地/架位号 | 状态 | 备注 |
| 1 | 1634694 | 216346942 | 社科库509/509社科库 7排4列1层/ [索取号:B084/Q083] | 在馆 |